| 000 | 01643nam0a22002411 4500 | ||
|---|---|---|---|
| 001 | rc\4492893 | ||
| 005 | 20260407174106.0 | ||
| 035 | _a(NLR Aleph) 008609723 | ||
| 090 |
_a8756039 _c8756039 |
||
| 100 | _a20130416d1957 |||y0rusy50 ca | ||
| 101 | 0 | _arus | |
| 102 | _aRU | ||
| 105 | _ay z ||||| | ||
| 200 | 1 |
_aРешение Координационного совещания, посвященного обсуждению результатов научно-исследовательских работ, проведенных в 1956 г., планов работ на 1957 г. и перспективного тематического плана научных работ в области теплофикации. Москва. 6-7 марта 1957 г. _fКомис. пара высоких параметров при ЭНИН АН СССР. (Секция теплофикации) |
|
| 210 |
_aМосква _cБ. и. _d1957 |
||
| 215 |
_a12 с. _d20 |
||
| 606 |
_aТеплофикация _xНаучно-исследовательская работа _2psbo |
||
| 710 | 1 | 2 |
_aКоординационное совещание, посвященное обсуждению результатов научно-исследовательских работ, проведенных в 1956 г., планов работ на 1957 г. и перспективного тематического плана научных работ в области теплофикации _eМосква _f1957 _9722565 _3RU\NLR\AUTH\8810111380 |
| 801 | 0 |
_aRU _bNLR _gpsbo |
|
| 801 | 1 |
_aRU _bELAR _2rusmarc |
|
| 852 |
_aNLR _j57-4/12791 |
||
| 942 | _cBOOK | ||
| 980 | _aNB | ||